[Event "GER-chT U20 Girls"]
[Site "Braunschweig"]
[Date "2019.12.28"]
[Round "4.2"]
[White "Moeller, Hannah Sophie"]
[Black "Sokolowski, Judith"]
[Result "1-0"]
[WhiteElo "1832"]
[BlackElo "1722"]
[PlyCount "59"]
[EventDate "2019.12.27"]
[EventType "team-swiss"]
[EventRounds "7"]
[EventCountry "GER"]
[SourceTitle "CBM 194 Extra"]
[Source "ChessBase"]
[SourceDate "2020.03.31"]
[SourceVersion "1"]
[SourceVersionDate "2020.03.31"]
[SourceQuality "1"]
[WhiteTeam "Lingen"]
[BlackTeam "Duesseldorf SK"]
[WhiteTeamCountry "GER"]
[BlackTeamCountry "GER"]

1. Nf3 d5 2. g3 Nf6 3. Bg2 e6 4. 0-0 Be7 5. d4 0-0 6. c4 Nbd7 7. Nc3 c6 8. cxd5 exd5 9. a3 Re8 10. b4 a6 11. Bb2 b5 12. Ne5 Bb7 13. e4 dxe4 14. Nxe4 Nd5 15. Nc5 Bxc5 16. bxc5 Nf8 17. Qb3 f6 18. Nd3 Ne6 19. Nb4 Nxb4 20. axb4 Kh8 21. Rfe1 Ng5 22. h4 Qd7 23. hxg5 fxg5 24. Re3 Rxe3 25. Qxe3 h6 26. Re1 a5 27. bxa5 Qc7 28. Bc3 Qf7 29. Qe6 Qc7 30. Qe7 1-0

[Event "GER-chT U20 Girls"]
[Site "Braunschweig"]
[Date "2019.12.27"]
[Round "1.8"]
[White "Sokolowski, Judith"]
[Black "Stelter, Finja"]
[Result "1-0"]
[WhiteElo "1722"]
[BlackElo "1054"]
[PlyCount "137"]
[EventDate "2019.12.27"]
[EventType "team-swiss"]
[EventRounds "7"]
[EventCountry "GER"]
[SourceTitle "CBM 194 Extra"]
[Source "ChessBase"]
[SourceDate "2020.03.31"]
[SourceVersion "1"]
[SourceVersionDate "2020.03.31"]
[SourceQuality "1"]
[WhiteTeam "Duesseldorf SK"]
[BlackTeam "Lehrte"]
[WhiteTeamCountry "GER"]
[BlackTeamCountry "GER"]

1. e4 e5 2. Nf3 Nc6 3. d4 exd4 4. Nxd4 Nxd4 5. Qxd4 d6 6. Nc3 Nf6 7. Bf4 g6 8. e5 dxe5 9. Qxd8+ Kxd8 10. 0-0-0+ Bd7 11. Bxe5 Bg7 12. Bc4 Re8 13. f4 Re7 14. Nb5 Ne8 15. Rhf1 f6 16. Bc3 a6 17. Nd4 Kc8 18. Bb4 Nd6 19. Bg8 Bh6 20. Kb1 Re8 21. Bxh7 g5 22. fxg5 Bxg5 23. Bxd6 cxd6 24. Bf5 Kc7 25. Bxd7 Kxd7 26. Nf5 Re6 27. h4 Bxh4 28. Nxh4 Rg8 29. Rf2 Re4 30. Nf5 Rge8 31. Rxd6+ Kc7 32. b3 Re2 33. Rd2 Rxd2 34. Rxd2 Re1+ 35. Kb2 Rf1 36. Nd4 f5 37. Kc3 f4 38. Ne6+ Kc6 39. Ng5 b5 40. Kd4 Ra1 41. c3 a5 42. Ke4 a4 43. bxa4 bxa4 44. Kxf4 Kc5 45. Ne4+ Kc4 46. g4 a3 47. g5 Rg1 48. Rd4+ Kb5 49. c4+ Ka5 50. Rd2 Kb4 51. c5 Kb5 52. Rc2 Kc6 53. Rc3 Kb5 54. Rc2 Kc6 55. Rc3 Kd5 56. Rxa3 Ke6 57. c6 Rc1 58. Rc3 Rxc3 59. Nxc3 Kd6 60. g6 Kxc6 61. g7 Kc5 62. g8Q Kb4 63. Qb3+ Kc5 64. Ke5 Kc6 65. Qb5+ Kc7 66. Nd5+ Kc8 67. Qc6+ Kb8 68. Qc7+ Ka8 69. Nb6# 1-0

[Event "GER-chT U20 Girls"]
[Site "Osnabrueck"]
[Date "2018.12.29"]
[Round "6.2"]
[White "Arndt, Lena"]
[Black "Sokolowski, Judith"]
[Result "0-1"]
[WhiteElo "1767"]
[BlackElo "1589"]
[PlyCount "34"]
[EventDate "2018.12.27"]
[EventType "team-swiss"]
[EventRounds "7"]
[EventCountry "GER"]
[SourceTitle "CBM 188 Extra"]
[Source "ChessBase"]
[SourceDate "2019.02.26"]
[SourceVersion "1"]
[SourceVersionDate "2019.02.26"]
[SourceQuality "1"]
[WhiteTeam "Trier SG"]
[BlackTeam "Duesseldorf SK"]
[WhiteTeamCountry "GER"]
[BlackTeamCountry "GER"]

1. e4 c5 2. Nf3 e6 3. d4 cxd4 4. Nxd4 Nf6 5. f3 Nc6 6. Be3 d5 7. exd5 Nxd5 8. Bf2 Be7 9. Nxc6 bxc6 10. c4 Qa5+ 11. Nd2 Nf4 12. Bd4 0-0 13. a3 Rd8 14. Bc3 Qb6 15. g3 Qe3+ 16. Be2 Nd3+ 17. Kf1 Qf2# 0-1

[Event "GER-chT U20 Girls"]
[Site "Osnabrueck"]
[Date "2018.12.27"]
[Round "2.2"]
[White "Sokolowski, Judith"]
[Black "Ley, Sabrina"]
[Result "1/2-1/2"]
[WhiteElo "1589"]
[BlackElo "1829"]
[PlyCount "66"]
[EventDate "2018.12.27"]
[EventType "team-swiss"]
[EventRounds "7"]
[EventCountry "GER"]
[SourceTitle "CBM 188 Extra"]
[Source "ChessBase"]
[SourceDate "2019.02.26"]
[SourceVersion "1"]
[SourceVersionDate "2019.02.26"]
[SourceQuality "1"]
[WhiteTeam "Duesseldorf SK"]
[BlackTeam "Stuttgart Wolfbusch"]
[WhiteTeamCountry "GER"]
[BlackTeamCountry "GER"]

1. e4 d5 2. exd5 Qxd5 3. Nc3 Qd6 4. d4 Nf6 5. Nf3 a6 6. Bd3 Nc6 7. Ne4 Nxe4 8. Bxe4 Bg4 9. c3 0-0-0 10. h3 Bh5 11. Be3 e5 12. dxe5 Nxe5 13. Qxd6 Bxd6 14. Nxe5 Bxe5 15. Bf5+ Kb8 16. g4 Bg6 17. Bxg6 hxg6 18. Ke2 f5 19. Rad1 Rde8 20. Kf3 Ref8 21. Rd5 Bd6 22. Rd2 Rh4 23. gxf5 gxf5 24. Bg5 Rh5 25. h4 Re8 26. Re2 Rhh8 27. Rhe1 Rxe2 28. Rxe2 Kc8 29. Re6 Kd7 30. Rg6 Be5 31. Bf4 Bf6 32. Bg5 Be5 33. Bf4 Bf6 1/2-1/2

[Event "GER-chT U14 Girls"]
[Site "Duesseldorf"]
[Date "2016.12.29"]
[Round "5.2"]
[White "Sokolowski, Judith"]
[Black "Schnabel, Luise"]
[Result "0-1"]
[WhiteElo "1527"]
[BlackElo "1648"]
[PlyCount "117"]
[EventDate "2016.12.27"]
[EventType "team-swiss"]
[EventRounds "7"]
[EventCountry "GER"]
[SourceTitle "EXT 2018"]
[Source "ChessBase"]
[SourceDate "2017.10.13"]
[SourceVersion "1"]
[SourceVersionDate "2017.10.13"]
[SourceQuality "1"]
[WhiteTeam "Duesseldorf SK"]
[BlackTeam "Berlin Schachpinguine"]
[WhiteTeamCountry "GER"]
[BlackTeamCountry "GER"]

1. e4 c5 2. Nf3 d6 3. d4 cxd4 4. Nxd4 Nf6 5. Nc3 a6 6. f4 e6 7. Bd3 Nbd7 8. 0-0 Qc7 9. Qf3 b5 10. a3 Bb7 11. g4 Nb6 12. g5 Nfd7 13. f5 e5 14. Nde2 Nc5 15. Nd5 Nxd5 16. exd5 Nxd3 17. Qxd3 Qc5+ 18. Be3 Qxd5 19. Qxd5 Bxd5 20. Nc3 Bb7 21. Rad1 0-0-0 22. Nd5 Bxd5 23. Rxd5 f6 24. gxf6 gxf6 25. Kf2 Rg8 26. h3 Be7 27. Rfd1 Kb7 28. R1d2 Rc8 29. c3 Rc4 30. Kf3 Rcc8 31. Rh2 Kc6 32. Rhd2 Rg7 33. Ke4 Kb7 34. Kf3 Rcg8 35. Rh2 Kc6 36. Rdd2 d5 37. Rdf2 Bc5 38. Ke2 Rg3 39. Bxc5 Kxc5 40. Kd2 Kc4 41. Kc2 Re3 42. h4 Rgg3 43. Rh1 Ref3 44. Rd2 Rxf5 45. Rhd1 e4 46. Rd4+ Kc5 47. Kb3 Re5 48. Re1 f5 49. a4 f4 50. axb5 axb5 51. Kc2 Rg2+ 52. Kd1 Rxb2 53. Kc1 Rg2 54. Red1 f3 55. Rf1 Rh5 56. Rfd1 f2 57. R4d2 e3 58. Re2 f1Q 59. Rxg2 0-1

[Event "GER-chT U14 Girls"]
[Site "Magdeburg"]
[Date "2015.12.29"]
[Round "5.3"]
[White "Sokolowski, Judith"]
[Black "Wackernagel, Sara"]
[Result "1-0"]
[WhiteElo "1217"]
[BlackElo "996"]
[PlyCount "165"]
[EventDate "2015.12.27"]
[EventType "team-swiss"]
[EventRounds "7"]
[EventCountry "GER"]
[SourceTitle "EXT 2017"]
[Source "ChessBase"]
[SourceDate "2016.10.25"]
[SourceVersion "1"]
[SourceVersionDate "2016.10.25"]
[SourceQuality "1"]
[WhiteTeam "Duesseldorf"]
[BlackTeam "Ersingen"]
[WhiteTeamCountry "GER"]
[BlackTeamCountry "GER"]

1. e4 e5 2. Nf3 Nc6 3. Bb5 Nf6 4. d4 Nxe4 5. dxe5 Bc5 6. 0-0 0-0 7. Qd3 f5 8. exf6 Nxf6 9. Qc4+ Kh8 10. Qxc5 d6 11. Qa3 Bg4 12. Bxc6 bxc6 13. Bg5 Qe8 14. Nbd2 Ne4 15. Rfe1 d5 16. Nxe4 dxe4 17. Nd4 Qg6 18. Qe3 Rae8 19. Bh4 Bf3 20. Qg5 Bh5 21. Qxg6 Bxg6 22. Nxc6 a6 23. Re3 Re6 24. Nd4 Rb6 25. Nb3 Re8 26. Rae1 Rc6 27. c3 Rc4 28. f3 Ra4 29. fxe4 Rxa2 30. R3e2 Ra4 31. Bg3 Bxe4 32. Nc5 h6 33. Rxe4 Rexe4 34. Nxe4 Ra2 35. b4 Ra4 36. Bxc7 Kh7 37. Nc5 Ra2 38. h3 Rc2 39. Be5 g5 40. Nxa6 h5 41. b5 Kg6 42. Rf1 g4 43. h4 g3 44. Bxg3 Rxc3 45. Bh2 Rb3 46. Nc7 Rb4 47. Be5 Kh6 48. g3 Kh7 49. Rf6 Rb3 50. b6 Rb1+ 51. Kg2 Kg8 52. Ne6 Rxb6 53. Rf8+ Kh7 54. Ng5+ Kh6 55. Rf6+ Rxf6 56. Bxf6 Kg6 57. Bd4 Kf5 58. Kf3 Kg6 59. Kf4 Kh6 60. Ne6 Kg6 61. Nf8+ Kh6 62. Nd7 Kg6 63. g4 Kh6 64. g5+ Kg6 65. Nf8+ Kf7 66. Kf5 Kg8 67. Kg6 Kxf8 68. Kh7 Ke7 69. g6 Ke6 70. g7 Kf5 71. g8Q Ke4 72. Qg5 Kxd4 73. Qf5 Ke3 74. Kg7 Kd4 75. Kf6 Ke3 76. Ke5 Kd2 77. Qf3 Kc2 78. Qe3 Kb2 79. Qd3 Ka2 80. Qb5 Ka3 81. Kd4 Ka2 82. Kc3 Ka1 83. Qb2# 1-0